| 000 | 00453nam a22001577a 4500 | ||
|---|---|---|---|
| 999 |
_c7180 _d7180 |
||
| 003 | OSt | ||
| 005 | 20190123192534.0 | ||
| 008 | 190123b ||||| |||| 00| 0 eng d | ||
| 040 | _cDLC | ||
| 082 |
_a220 _bC771c |
||
| 100 | _aCook, David C. | ||
| 245 |
_aAdult Teacher's Guide for use with Comprehensive Bible Study/ _bCounsels of faith and courage/ |
||
| 260 |
_aElgin: _bDavid C. Cook Foundation: _cc1971 |
||
| 300 |
_a130 p.; _c20 cm.; |
||
| 942 |
_2ddc _cBK |
||